000 00751nam a2200253 a 4500
001 BRL_1797
005 20190320211354.0
008 030815s1967----mx-#######---#000-0#spa-#
041 _aspa
044 _amx
050 4 _aBX1428.2
_b.Q5 1967
100 1 _aQuirarte, Martín
_94539
245 1 0 _aEl problema religioso en México
_cMartín Quirarte.
260 _aMéxico
_bInstituto Nacional de Antropología e Historia
_c1967
300 _a408 p.
_c22 cm.
440 0 _aSerie Historia
_v17
_927900
500 _aAu2005
504 _aBibliografía: p. 395-408
650 1 4 _aIglesia y estado
_zMéxico
_927901
650 1 4 _aIglesia y problemas sociales
_zMéxico
_927902
651 4 _aMéxico
_xReligión
_927903
902 _aGRL
942 _2lcc
_cB
999 _c10605
_d10605